Pagsusuri ng maikling kwento ng "sandosenang sapatos" ni Luis P. Gatmaitan at "saranggola ni Efren Abueg/ (Record no. 89095)

MARC details
000 -LEADER
fixed length control field 03032nam a22002537a 4500
003 - CONTROL NUMBER IDENTIFIER
control field URS
005 - DATE AND TIME OF LATEST TRANSACTION
control field 20251204092035.0
008 - FIXED-LENGTH DATA ELEMENTS--GENERAL INFORMATION
fixed length control field 251204b |||||||| |||| 00| 0 eng d
050 00 - LIBRARY OF CONGRESS CALL NUMBER
Classification number LG 221. R59
Item number .B4809 2023
100 10 - MAIN ENTRY--PERSONAL NAME
Personal name Bigcas, Lea Mae R.
Relator term Researcher
245 10 - TITLE STATEMENT
Title <a href="Pagsusuri ng maikling kwento ng "sandosenang sapatos" ni Luis P. Gatmaitan at "saranggola ni Efren Abueg/">Pagsusuri ng maikling kwento ng "sandosenang sapatos" ni Luis P. Gatmaitan at "saranggola ni Efren Abueg/</a>
Statement of responsibility, etc Lea Mae R. Bigcas, Cristina D. Dacillo, [and] Jocel G. Decorena
260 #1 - PUBLICATION, DISTRIBUTION, ETC. (IMPRINT)
Date of publication, distribution, etc 2023
300 ## - PHYSICAL DESCRIPTION
Extent x, 63 leaves
Other physical details illustrations,
Dimensions 28cm,
336 ## - CONTENT TYPE
Source rdacontent
Content type term text
337 ## - MEDIA TYPE
Source rdamedia
Media type term unmediated
338 ## - CARRIER TYPE
Source rdacarrier
Carrier type term volume
520 ## - SUMMARY, ETC.
Summary, etc Ang layunin ng pag-aaral na ito ay masuri ang maikling kuwento ng<br/>"Sandosenang Sapatos" ni Luis P. Gatmaitan at "Saranggola" ni Efren Abueg, upang matukoy ang kabisaan, aral, at natatanging nilalaman ng akda.<br/>Isang Panunuring Pampanitikan (Literary Research) ang pananaliksik na<br/>ginamit upang sa ganoon matukoy at maibahagi ang mga nasuring akdang<br/>pampanitikan sa mga makababasa at upang maunawaan ang aral ng mga ito<br/>Sa pag-aaral na ito, ginamit ang Balangkas ng Maikling Kuwento ni Pat<br/>Villafuerte upang masuri ng maigi ang nilalaman ng akdang pampanitikan na<br/>sinuri. Binasa ng maigi ng mga mananaliksik ang dalawang maikling kuwento ng<br/>dalawang magkaibang manunulat.<br/><br/>Matapos nito ay sinuri at natukoy ang uri ng dalawang Maikling Kuwento na nakapaloob sa Kuwentong Sikolohikal, samantala ang "Sandosenang Sapatos" ay nakapaloob din sa Kuwento ng Tauhan Nabigyang pansin din ang elemento nito<br/>na kung saan ang mga tauhan sa dalawang akdang sinuri ay mayroong<br/>pagkakatulad, kung paano mahalaga ang ginampanang papel ng kanilang mga ama sa kanilang buhay. Bagama't may pagkakasalungat sa ugali ng mga tauhang anak sa dalawang akda ay sinasalamin pa rin nito ang pagbabago ng isang tao sa paglaon ng panahon. Tagpuan ay sa tahanan kung saan nagmula ang lahat ng pagsubok at aral sa kanilang buhay. Inisaisa rin ang mga tagpo sa akda na makikitaan ng mga suliranin, at ganoon din ang Magagandang Pangyayari.<br/>Binigyang halaga din ng mga mananaliksik ang bisa na mayroon din ito sa damdamin, isip, at kaasalan.<br/>Natukoy ng mga mananaliksik na ang teoryang nangibabaw sa<br/>"Sandosenang Sapatos" ni Luis P. Gatmaitan at "Saranggola" ni Efren Abueg ay ang mga Teoryang Sikolohikal at Teoryang Humanismo Habang ang<br/>"Sandosenang Sapatos" ay nakapaloob din sa mga teoryang Imahismo, Romantisismo at Sosyolohikal, at natatanging nakapaloob ang teoryang Realismo sa "Saranggola" ni Efren Abueg.<br/>Samakatuwid, ang dalawang akda ay tiyak na makakapukaw ng damdamin ng mga mambabasa at makikita ang kahalagahan nito sa buhay at pamilya. Sa kadahilanang walang makapapantay sa suporta at pagmamahal na kinakailangan ng mga taong mayroong kapansanan at pinagdadaanan sa buhay.
650 ## - SUBJECT ADDED ENTRY--TOPICAL TERM
Source of heading or term Pagsusuri ng maikling kwento
690 ## - Local Subject Access Fields (UN SDG)
UN SDG UN SDG 4: Quality education
700 ## - ADDED ENTRY--PERSONAL NAME
Personal name Dacillo, Cristina D.
Relator term Researcher
700 ## - ADDED ENTRY--PERSONAL NAME
Personal name Decorena, Jocel G.
Relator term Researcher
700 ## - ADDED ENTRY--PERSONAL NAME
Personal name Samulde, Willie E.
Relator term Adviser
942 ## - ADDED ENTRY ELEMENTS (KOHA)
Source of classification or shelving scheme Library of Congress Classification
Koha item type Theses and dissertations
Holdings
Withdrawn status Source of classification or shelving scheme Damaged status Not for loan Home library Current library Shelving location Date acquired Total Checkouts Full call number Barcode Date last seen Copy number Price effective from Koha item type
  Library of Congress Classification   Not For Loan Rodriguez College Library Rodriguez College Library Undergraduate Theses 12/04/2025   LG 221. R59 .B4809 2023 URSROD-UGT-FIL-1308 12/04/2025 1 12/04/2025 Theses and dissertations

University of Rizal System
Email us at univlibservices@urs.edu.ph

Visit our Website www.urs.edu.ph/library